ბათუმის შოთა რუსთაველის სახელმწიფო უნივერსიტეტის ბიბლიოთეკა

ინგლისურ-ქართული თემატური ლექსიკონი : (ბიბ.ჩანაწერი № 54742)

000 -ლიდერი
ფიქსირებული სიგრძის საკონტროლო ველი 01204nam a2200253Ia 4500
001 - საკონტროლო ნომერი
საკონტროლო ველი 21809
003 - საკონტროლო ნომრის იდენტიფიკატორი
საკონტროლო ველი GE_BSU
005 - ბოლო ოპერაციის თარიღი და დრო
საკონტროლო ველი 20220519143741.0
008 - ფიქსირებული სიგრძის მონაცემთა ელემენტები - ზოგადი ინფორმაცია
ფიქსირებული სიგრძის საკონტროლო ველი 181216s ||||ge |||||||||||||| ||geo||
040 ## - კატალოგიზაციის წყარო
Transcribing agency GE_BSU
041 ## - ენის კოდი
Language code of text/sound track or separate title geo
080 ## - უნივერსალური ათობითი კლასიფიკაციის ინდექსი
Universal Decimal Classification number 81'374.822=111=353.1 ი-54
100 ## - მთავარი ჩანაწერი - პიროვნების სახელი
Personal name გარსევანიძე, ზინაიდა
9 (RLIN) 13785
245 ## - ცნობა სათაურის შესახებ
Title ინგლისურ-ქართული თემატური ლექსიკონი :
Remainder of title 5500 სიტყვა /
Statement of responsibility, etc ზინაიდა გარსევანიძე ; შემდგ. ზ. გარსევანიძე ; რედ. ვ. ბასიშვილი.
264 ## - წარმოების, გამოცემის, დისტრიბუციის და სხვა ცნობები
გამოცემის, წარმოების, დისტრიბუციის... ადგილი თბილისი :
გამოცემის, წარმოების, დისტრიბუციის... სახელწოდება განათლება,
გამოცემის, წარმოების, დისტრიბუციის... თარიღი 1973.
300 ## - ფიზიკური აღწერა
Extent 159 გვ. ;
Dimensions 20 სმ.
653 ## - INDEX TERM--UNCONTROLLED
Uncontrolled term ინგლისურ-ქართული თემატური ლექსიკონი
653 ## - INDEX TERM--UNCONTROLLED
Uncontrolled term 5500 სიტყვა
653 ## - INDEX TERM--UNCONTROLLED
Uncontrolled term ქართული ენა
700 ## - ADDED ENTRY--PERSONAL NAME
Personal name გარსევანიძე, ზ.
Relator term შემდგენელი
9 (RLIN) 13786
700 ## - ADDED ENTRY--PERSONAL NAME
Personal name ბასიშვილი, ვ.
Relator term რედაქტორი
9 (RLIN) 13787
942 ## - ADDED ENTRY ELEMENTS (KOHA)
Koha item type წიგნი
Source of classification or shelving scheme
ეგზემპლარები
ჩამოწერის სტატუსი დაკარგული ეგზემპლარის სტატუსი კლასიფიკაციის წყარო ან თაროზე გაწყობის სქემა დაზიანების სტატუსი არ გაიცემა მუდმივი მდებარეობა (დაცვის ადგილი) ამჟამინდელი ადგილსამყოფელი თაროზე განთავსების ადგილი შეძენის თარიღი ღირებულება, შესყიდვის ნორმალური ფასი სრული შენახვის შიფრი შტრიხკოდი ბოლო ოპერაციის თარიღი ეგზემპლარის მიმდევრობითი ნომერი (კეტერი?) ფასის ძალაში შესვლის თარიღი ეგზემპლარის სახეობა საჯარო შენიშვნა
          ბათუმის შოთა რუსთაველის სახელმწიფო უნივერსიტეტის მთავარი ბიბლიოთეკა ბათუმის შოთა რუსთაველის სახელმწიფო უნივერსიტეტის მთავარი ბიბლიოთეკა წიგნსაცავი 2018-12-17 0.80 81'374.822=111=353.1 ი-54 56236 2018-12-17 56236 2018-12-17 წიგნი 0.80₾.
          ბათუმის შოთა რუსთაველის სახელმწიფო უნივერსიტეტის მთავარი ბიბლიოთეკა ბათუმის შოთა რუსთაველის სახელმწიფო უნივერსიტეტის მთავარი ბიბლიოთეკა წიგნსაცავი 2018-12-17 0.80 81'374.822=111=353.1 ი-54 56237 2018-12-17 56237 2018-12-17 წიგნი 0.80 ₾.
          ბათუმის შოთა რუსთაველის სახელმწიფო უნივერსიტეტის მთავარი ბიბლიოთეკა ბათუმის შოთა რუსთაველის სახელმწიფო უნივერსიტეტის მთავარი ბიბლიოთეკა წიგნსაცავი 2018-12-17 0.80 81'374.822=111=353.1 ი-54 56238 2018-12-17 56238 2018-12-17 წიგნი 0.80 ₾.